common country bollards on Geoguessr - Statistics

General Stats
  • This quiz has been taken 24 times
  • The average score is 16 of 30
Answer Stats
Picture Answer % Correct
Germany
76%
Austria
71%
Japan
71%
Turkey
71%
Australia (left side)
65%
Czechia/Slovakia
65%
Ecuador (common)
65%
Ecuador (rare)
65%
Iceland
65%
Latvia/Finland
65%
Poland
65%
Estonia/Finland
59%
France
59%
Italy/Albania
59%
New Zealand
59%
Spain
59%
Bhutan
53%
Lithuania
53%
Serbia
53%
Slovenia
53%
Luxembourg
47%
Switzerland
47%
Peru
41%
Portugal
41%
Russia
41%
Croatia/ North Macedonia
35%
Hungary
35%
Sweden
35%
San Marino
24%
North Macedonia
18%
No matching quizzes found
Score Distribution
Percent of People with Each Score
Percentile by Number Answered
Your Score History
You have not taken this quiz